01171cam a2200337 a 450000100090000000300040000900500170001300800410003001000170007102000180008802000150010604000180012104300120013905000240015108200300017510000190020524500730022426000440029730000290034149000220037050400500039252100200044252600160046254100060047856200060048465000690049065100510055970000260061085601060063685600910074215677624OSt20140310182900.0090327s2009 scua b 000 0deng  a 2009925460 a9780738566207 a0738566209 aDLCcDLCdDLC an-us-dc00aF205.F4b.C113 200900aF975.30049921b.C335 20091 aCacas, Rita M.10aFilipinos in Washington, D.C. /cCacas, Rita M. and Lott, Juanita T. aCharleston, SC :bArcadia Pub.,cc2009. a127 p. :bill. ;c24 cm.0 aImages of America aIncludes bibliographical references (p. 127). aCollege Student c1210L-1700L j1 e1 0aFilipino AmericanszWashington (D.C.)xHistoryvPictorial works. 0aWashington (D.C.)vBiographyvPictorial works.1 aLott, Juanita Tamayo.423Contributor biographical informationuhttp://www.loc.gov/catdir/enhancements/fy0915/2009925460-b.html423Publisher descriptionuhttp://www.loc.gov/catdir/enhancements/fy0915/2009925460-d.html